|
|
|
|
| LEADER |
01423nam a22003017a 4500 |
| 001 |
32911 |
| 003 |
BD-DhAAL |
| 005 |
20250814211135.0 |
| 008 |
180404t2011 bd ||||| |||| 00| 0 ben d |
| 020 |
|
|
|a 9847013304166
|
| 040 |
|
|
|a BD-DhAAL
|c BD-DhAAL
|
| 041 |
|
|
|a ben
|
| 082 |
|
|
|a 891.441
|2 22
|
| 100 |
|
|
|a গুন, নির্মলেন্দু ,
|d ১৯৪৫-
|9 17736
|
| 245 |
|
|
|a কাব্যসমগ্র.
|n ৩য় খণ্ড /
|c নির্মলেন্দু গুন.
|
| 246 |
|
|
|a Collected poems
|
| 260 |
|
|
|a ঢাকা :
|b কাকলী প্রকাশনী,
|c c২০১১.
|
| 300 |
|
|
|a ৩৬৮ পৃষ্ঠা ;
|c ২২ সে.মি.
|
| 362 |
|
|
|a Vol. 3
|
| 500 |
|
|
|a প্রচ্ছদশিল্পী - সমর মজুমদার
|
| 526 |
|
|
|a OCA
|
| 541 |
|
|
|a Office of Co-curricular Activities
|e 32911
|
| 650 |
|
|
|a Bengali poetry
|9 17737
|
| 852 |
|
|
|a Ayesha Abed Library
|c General Stacks
|
| 942 |
|
|
|2 ddc
|c BK
|
| 999 |
|
|
|c 39181
|d 39181
|
| 952 |
|
|
|0 0
|1 0
|2 ddc
|4 0
|6 891_441000000000000_GOO
|7 0
|9 63018
|a BRACUL
|b BRACUL
|c GEN
|d 2018-03-29
|e Office of Co-Curricular Activities
|g 325.00
|l 2
|m 1
|o 891.441 GOO
|p 3010032911
|r 2025-02-20
|s 2025-02-17
|t 1
|v 325.00
|w 2018-03-29
|y BK
|
| 952 |
|
|
|0 0
|1 0
|2 ddc
|4 0
|6 891_441000000000000_GOO
|7 0
|9 63132
|a BRACUL
|b BRACUL
|c GEN
|d 2018-04-11
|e Kakali Prokashoni
|g 325.00
|l 1
|m 29
|o 891.441 GOO
|p 3010032971
|r 2019-05-06
|s 2018-10-15
|t 2
|v 325.00
|w 2018-04-11
|y BK
|